Devine l'atome selon le symbole (#2) - Statistiques

Statistiques générales
  • Ce quiz a été pris 40 fois
  • Le résultat moyen est 5 sur 10
Statistiques - réponses
Symbole Atome % Correct
Cu Cuivre
100%
P Phosphore
81%
Cd Cadmium
67%
Mo Molybdène
53%
Rn Radon
53%
Og Oganesson
44%
Tl Thallium
42%
Yb Ytterbium
42%
Ts Tennesse
28%
Ho Holmium
25%
Aucun quiz correspondant
Distribution des résultats
% des personnes avec chaque résultat
Percentile par nombre de réponses
Votre historique - résultats
Vous n’avez pas pris ce quiz